01636cam a22004334i 4500003000900000005001700009008004100026020001500067020001800082035001900100040003300119041001300152082002100165100003300186245009200219264003600311300005500347336002100402337002500423338002300448504003900471505043300510526001000943526001000953526001000963526001000973526000800983526000800991526000800999526000801007526000801015526000801023526000801031534006901039650002301108650001801131700002701149700002601176PE-LiUPU20250731173245.0150625s1985 sp a rb 000 0 spa d a8471514397 a9788471514394 a(Sirsi) a35418 aPE-LiUPUbspacPE-LiUPUerda1 aspahfre04a231.765bM842201 aMontenat, Christian,eautor.10aPara leer la creacion en la Evolucion /cChristian Montenat, Luc Plateaux, Pascal Roux. 1aEstella :bVerbo Divino,c1985. a127 páginas :bilustraciones ;c22 centímetros atext2rdacontent aunmediated2rdamedia avolume2rdacarrier aBibliografía: páginas 126-127.0 aEvolución y creación -- El origen de la vida -- Emergencia de la autonomía en los seres vivos, hasta el umbral de la libertad -- Evolución del comportamiento y libertad -- La emergencia humana. los problemas de la hominización -- Hombre, ¿quién eres? -- La experiencia del mal y del pecado y la búsqueda de los orígenes -- ¿Adónde va la evolución? el porvenir de la humanidad -- Para leer de la creación. aSEG42 aSEG41 aSEG40 aSEG39 aP94 aP87 aP86 aP85 aP77 aP76 aP35 pTítulo original :tPour lire la création dans l'évolution.04aEvolució humana.04aVidaxOrigen.1 aPlateaux, Luc,eautor.1 aRoux, Pascal,eautor.